Personnalités au hasard #30 - Statistiques

Statistiques générales
  • Ce quiz a été pris 224 fois
  • Le résultat moyen est 7 sur 32
Statistiques - réponses
Par images Réponse % Correct
Michel Drucker
81%
Gilles Lellouche
74%
Marie-Antoinette d'Autriche
66%
Néfertiti
47%
George Floyd
46%
George de Galles
43%
Sylvie Vartan
40%
Puff Daddy
38%
Jigmé
35%
Sandra Bullock
34%
Andy Raconte
28%
Marion Rousse
26%
James Cameron
24%
Marc-Antoine Le Bret
24%
Laura Smet
23%
Rama Yade
21%
Dominique Besnehard
10%
Jeremy Allen White
9%
Joseph Goebbels
8%
Michael Gambon
7%
Priscilla Presley
7%
Ziad Takieddine
5%
Sergueï Choïgou
4%
Cyrille Eldin
3%
Eva Perón
3%
Linda Gray
3%
Diane de Poitiers
2%
Linda Evans
2%
Valentina Terechkova
2%
Agrippine la Jeune
1%
Isadora Duncan
1%
Kenny Rogers
1%
Aucun quiz correspondant
Distribution des résultats
% des personnes avec chaque résultat
Percentile par nombre de réponses
Votre historique - résultats
Vous n’avez pas pris ce quiz